[Event "Hessen Senioren-ch 2012  8th"]
[Site "Bad Sooden-Adf. (14.4.-22.4)"]
[Date "2012.04.15"]
[Round "2.42"]
[White "Berger, Eduard"]
[Black "Lippmann, Ulrich"]
[Result "0-1"]
[WhiteElo "1677"]
[BlackElo "1890"]
[PlyCount "92"]
[EventDate "2012.04.??"]
[EventType "swiss"]
[EventRounds "9"]
[EventCountry "GER"]
[WhiteTeam "Stadtallendorf SK"]
[BlackTeam "Papenburg SC"]

1. e4 e5 2. Nf3 Nf6 3. Nxe5 d6 4. Nf3 Nxe4 5. d4 d5 6. Nc3 Bb4 7. Bd2 Bxc3 8.
bxc3 Bg4 9. Be2 O-O 10. h3 Bh5 11. O-O Re8 12. g4 Bg6 13. Ne5 Nd7 14. Nxg6 hxg6
15. Be1 Qe7 16. Bd3 Qa3 17. Qc1 Qe7 18. f3 Nd6 19. Bd2 Nb6 20. Bg5 Qe6 21. Re1
Qd7 22. Rxe8+ Rxe8 23. Qf1 Nbc4 24. Re1 c6 25. Rxe8+ Qxe8 26. Kf2 f6 27. Bc1
Kf7 28. h4 Qe6 29. Qh3 f5 30. h5 gxh5 31. gxf5 Qe8 32. Qxh5+ Kg8 33. Qg4 Qf7
34. Bf4 Ne8 35. Be5 Nf6 36. Qh4 Nb2 37. Be2 Na4 38. Bxf6 Qxf6 39. Qxf6 gxf6 40.
c4 Nb6 41. cxd5 cxd5 42. f4 Kf7 43. Ke3 Ke7 44. c4 Nxc4+ 45. Bxc4 dxc4 46. d5
Kd6 0-1

[Event "Hessen Senioren-ch 2012  8th"]
[Site "Bad Sooden-Adf. (14.4.-22.4)"]
[Date "2012.04.15"]
[Round "2.43"]
[White "Kleist, Werner(35)"]
[Black "Fritsch, Wolfgang(36)"]
[Result "1/2-1/2"]
[WhiteElo "1480"]
[BlackElo "1660"]
[PlyCount "42"]
[EventDate "2012.04.??"]
[EventType "swiss"]
[EventRounds "9"]
[EventCountry "GER"]
[WhiteTeam "GER/Berlin"]
[BlackTeam "Bad Langensalza SV"]

1. b4 e5 2. b5 d5 3. Bb2 Bd6 4. e3 a6 5. c4 dxc4 6. Bxc4 axb5 7. Bxb5+ c6 8.
Be2 Be6 9. a4 Nd7 10. Nc3 Ngf6 11. Nf3 O-O 12. Ng5 Bf5 13. d3 h6 14. Nf3 Be6
15. O-O Nd5 16. Ne4 Bc7 17. d4 f5 18. Nc5 Nxc5 19. dxc5 Qb8 20. Nd2 Rd8 21. Qb1
Nxe3 1/2-1/2

[Event "Hessen Senioren-ch 2012  8th"]
[Site "Bad Sooden-Adf. (14.4.-22.4)"]
[Date "2012.04.15"]
[Round "2.44"]
[White "Kotlar, Alfred"]
[Black "Jung, Michael Prof(40)"]
[Result "1-0"]
[WhiteElo "1825"]
[BlackElo "1621"]
[PlyCount "89"]
[EventDate "2012.04.??"]
[EventType "swiss"]
[EventRounds "9"]
[EventCountry "GER"]
[WhiteTeam "Recklinghausen 06 SK"]
[BlackTeam "Osnabrück SV"]

1. d4 d5 2. Nf3 a6 3. Bf4 Nf6 4. Nbd2 g6 5. h3 Bg7 6. e3 O-O 7. Bd3 Nbd7 8. O-O
c5 9. c3 b5 10. a3 Bb7 11. Re1 Rc8 12. Rc1 Re8 13. Bb1 e6 14. Ne5 Nb6 15. Nd3
cxd4 16. exd4 Nc4 17. Nb3 Ne4 18. f3 Ned6 19. Nbc5 Qe7 20. b3 Na5 21. Bxd6 Qxd6
22. b4 Nc4 23. Nxb7 Qc7 24. Nbc5 Nxa3 25. Nxa6 Qb6 26. Nac5 Bh6 27. f4 Qd6 28.
Rf1 Nc4 29. Qe2 Ra8 30. Ba2 Nb6 31. Nb7 Qc7 32. Na5 Re7 33. Bb3 Rc8 34. Rc2 Nd7
35. Bxd5 Nf6 36. Bb3 Nh5 37. Qf2 Rd7 38. g4 Rxd4 39. cxd4 Qd7 40. Rxc8+ Qxc8
41. gxh5 Qc3 42. hxg6 Qxd4 43. Kg2 hxg6 44. Nb7 Qd7 45. Nbc5 1-0

[Event "Hessen Senioren-ch 2012  8th"]
[Site "Bad Sooden-Adf. (14.4.-22.4)"]
[Date "2012.04.15"]
[Round "2.45"]
[White "Barlo, Werner"]
[Black "Krotofil, Kurt"]
[Result "1/2-1/2"]
[WhiteElo "1594"]
[BlackElo "1880"]
[PlyCount "47"]
[EventDate "2012.04.??"]
[EventType "swiss"]
[EventRounds "9"]
[EventCountry "GER"]
[WhiteTeam "Berlin Zehlendorf SK"]
[BlackTeam "Hamburg Niendorfer TSV"]

1. d4 d5 2. c4 e6 3. Nc3 c6 4. Nf3 dxc4 5. a4 Bb4 6. e3 b5 7. axb5 cxb5 8. Bd2
Bxc3 9. Bxc3 a5 10. b3 Bb7 11. bxc4 b4 12. Bd2 Nf6 13. Bd3 O-O 14. O-O Nbd7 15.
Re1 Ne4 16. Bxe4 Bxe4 17. c5 Qc7 18. Qe2 Nf6 19. Ne5 Nd7 20. Nc4 Rfb8 21. f3
Bc6 22. Nd6 Qa7 23. Reb1 Qc7 24. Rb2 1/2-1/2

[Event "Hessen Senioren-ch 2012  8th"]
[Site "Bad Sooden-Adf. (14.4.-22.4)"]
[Date "2012.04.15"]
[Round "2.46"]
[White "Oldach, Ehrenfried"]
[Black "Heimberg, Guenter"]
[Result "1/2-1/2"]
[WhiteElo "1872"]
[BlackElo "1658"]
[PlyCount "116"]
[EventDate "2012.04.??"]
[EventType "swiss"]
[EventRounds "9"]
[EventCountry "GER"]
[WhiteTeam "Warnemünde SF"]
[BlackTeam "Wennigsen SK"]

1. e4 e5 2. Nf3 Nc6 3. Bb5 d6 4. O-O Bd7 5. Re1 Be7 6. Nc3 Nf6 7. d4 exd4 8.
Nxd4 Ne5 9. Bxd7+ Nfxd7 10. Nf5 Bf6 11. Nd5 O-O 12. Be3 Re8 13. Bd4 Re6 14. Re3
c6 15. Nf4 Qf8 16. Nxe6 fxe6 17. Ng3 Bg5 18. Rb3 b5 19. Qh5 Be7 20. Qh3 Qf7 21.
Ne2 a6 22. f4 Nc4 23. Rg3 Nf6 24. e5 Ne4 25. Rd3 c5 26. b3 Nb6 27. Be3 d5 28.
Rf1 Rf8 29. Ng3 Nxg3 30. Qxg3 Nd7 31. Rdd1 Qf5 32. Qf2 Qg6 33. Qe2 Qe4 34. Qd3
Qb4 35. Qd2 Qa3 36. c3 Qa5 37. Qc2 Qc7 38. a4 bxa4 39. bxa4 c4 40. Rb1 Bc5 41.
Bxc5 Nxc5 42. Qf2 Nxa4 43. Qd4 Nc5 44. Rb4 Nb3 45. Qb6 Qc8 46. g3 Re8 47. Rb1
Qc5+ 48. Qxc5 Nxc5 49. Ra1 Kf7 50. Ra5 Rc8 51. Kg2 Rc6 52. Kf3 Nb3 53. Rb7+ Kg6
54. Ra3 a5 55. Ke3 h5 56. h4 Ra6 57. Raxb3 cxb3 58. Rxb3 Rc6 1/2-1/2

[Event "Hessen Senioren-ch 2012  8th"]
[Site "Bad Sooden-Adf. (14.4.-22.4)"]
[Date "2012.04.15"]
[Round "2.47"]
[White "Grasmeyer, Klaus-Peter"]
[Black "Gudat, Alfons"]
[Result "1/2-1/2"]
[WhiteElo "1693"]
[BlackElo "1843"]
[PlyCount "87"]
[EventDate "2012.04.??"]
[EventType "swiss"]
[EventRounds "9"]
[EventCountry "GER"]
[WhiteTeam "Villingen SK"]
[BlackTeam "Oldenburg SK"]

1. d4 Nf6 2. Nf3 e6 3. c4 d5 4. e3 c6 5. Be2 Bd6 6. Nc3 O-O 7. O-O Re8 8. b3 a6
9. Bb2 b5 10. Rc1 Nbd7 11. Rc2 Bb7 12. cxd5 cxd5 13. Bd3 Rc8 14. Ne2 Qa5 15.
Qb1 Rxc2 16. Bxc2 Ne4 17. Rc1 Rc8 18. Bd3 Rxc1+ 19. Bxc1 f5 20. Qb2 Ndf6 21. h3
h6 22. Bb1 g5 23. Kf1 Qb6 24. Nd2 b4 25. f3 Nxd2+ 26. Bxd2 Bc6 27. g4 Bd7 28.
Bd3 a5 29. Qc2 fxg4 30. hxg4 Qc7 31. Qxc7 Bxc7 32. Be1 Kf7 33. Kg2 Ne8 34. Bg3
Nd6 35. Be5 Ne8 36. Bxc7 Nxc7 37. f4 Bb5 38. Bxb5 Nxb5 39. Kf2 Kg6 40. Kf3 Nd6
41. Ng3 Nb5 42. Ne2 Kf6 43. Kf2 Nd6 44. Ng3 1/2-1/2

[Event "Hessen Senioren-ch 2012  8th"]
[Site "Bad Sooden-Adf. (14.4.-22.4)"]
[Date "2012.04.15"]
[Round "2.48"]
[White "Kluever, Horst"]
[Black "Mentel, Juergen Dr"]
[Result "1/2-1/2"]
[WhiteElo "1672"]
[BlackElo "1879"]
[PlyCount "62"]
[EventDate "2012.04.??"]
[EventType "swiss"]
[EventRounds "9"]
[EventCountry "GER"]
[WhiteTeam "Itzehoer SV"]
[BlackTeam "Greifswalder SV"]

1. e4 c5 2. Nf3 a6 3. Nc3 b5 4. d4 cxd4 5. Nxd4 Bb7 6. Bd3 g6 7. O-O Bg7 8.
Nce2 Nf6 9. Ng3 d6 10. Nf3 O-O 11. c3 Nbd7 12. Qe2 Ng4 13. h3 Nge5 14. Nxe5
Nxe5 15. Bc2 Qc7 16. Bb3 e6 17. Rd1 Rad8 18. Be3 Nd7 19. Bd4 Nc5 20. Bxg7 Kxg7
21. Bc2 f6 22. Rd2 e5 23. Rad1 Bc8 24. Qe3 Ne6 25. Ne2 Kh8 26. f4 Ng7 27. g4
Be6 28. Bb1 Ne8 29. f5 Bc4 30. fxg6 Rg8 31. Ng3 Rxg6 1/2-1/2

[Event "Hessen Senioren-ch 2012  8th"]
[Site "Bad Sooden-Adf. (14.4.-22.4)"]
[Date "2012.04.15"]
[Round "2.49"]
[White "Busic, Nedjeljko"]
[Black "Viererbe, Hartmut"]
[Result "1-0"]
[WhiteElo "1883"]
[BlackElo "1607"]
[PlyCount "83"]
[EventDate "2012.04.??"]
[EventType "swiss"]
[EventRounds "9"]
[EventCountry "GER"]
[WhiteTeam "Bad Nauheim SC"]
[BlackTeam "Nordhausen 51 SC"]

1. e4 c5 2. Nf3 Nf6 3. Nc3 Nc6 4. Bb5 Nd4 5. e5 Nxb5 6. Nxb5 Nd5 7. Ng5 e6 8.
Ne4 Be7 9. Nbd6+ Bxd6 10. Nxd6+ Kf8 11. d3 b6 12. c4 Nc7 13. Qf3 f5 14. Qh5 g6
15. Bh6+ Kg8 16. Qf3 Qh4 17. Qe3 Ba6 18. Bg5 Qg4 19. Bf6 f4 20. Qe4 g5 21. h4
Qh5 22. Kd2 g4 23. Qxf4 h6 24. Bxh8 Kxh8 25. Rae1 Kg8 26. Re4 Rf8 27. Qxg4+
Qxg4 28. Rxg4+ Kh7 29. Ke3 Ne8 30. Nxe8 Rxe8 31. Rh3 Bb7 32. Rhg3 Re7 33. h5
Bc6 34. Rg6 Rf7 35. Rf6 Re7 36. Rgg6 Rg7 37. Rxh6+ Kg8 38. Rhg6 Kh7 39. Rxg7+
Kxg7 40. g4 d5 41. Rxe6 d4+ 42. Kf4 1-0

[Event "Hessen Senioren-ch 2012  8th"]
[Site "Bad Sooden-Adf. (14.4.-22.4)"]
[Date "2012.04.15"]
[Round "2.50"]
[White "Josting, Friedel"]
[Black "Haselhorst, Helmut"]
[Result "0-1"]
[WhiteElo "1785"]
[BlackElo "1984"]
[PlyCount "70"]
[EventDate "2012.04.??"]
[EventType "swiss"]
[EventRounds "9"]
[EventCountry "GER"]
[WhiteTeam "Bünde 1945 SG"]
[BlackTeam "Ost/Westbevern SK"]

1. d4 Nf6 2. Bf4 g6 3. Nf3 Bg7 4. Nbd2 O-O 5. e3 d6 6. Bc4 Nbd7 7. h3 Qe8 8.
O-O e5 9. dxe5 dxe5 10. Bg3 Kh8 11. c3 Nh5 12. Bh2 f5 13. Qb3 Nb6 14. Be2 Be6
15. Qa3 Bg8 16. Rad1 f4 17. e4 Bf6 18. b3 g5 19. c4 Ng7 20. c5 Nc8 21. Bc4 Ne6
22. b4 Ne7 23. Qb3 Ng6 24. Nb1 h5 25. Nc3 g4 26. hxg4 hxg4 27. Nd2 Nd4 28. Qb1
Kg7 29. Nd5 Bd8 30. Nc3 Bxc4 31. Nxc4 Rh8 32. Qd3 Qe7 33. Bg3 Qg5 34. Nxe5 Qh5
35. f3 fxg3 0-1

[Event "Hessen Senioren-ch 2012  8th"]
[Site "Bad Sooden-Adf. (14.4.-22.4)"]
[Date "2012.04.15"]
[Round "2.51"]
[White "Berger, Volkmar"]
[Black "Zwanepol, Johan"]
[Result "1-0"]
[WhiteElo "1648"]
[BlackElo "1714"]
[PlyCount "71"]
[EventDate "2012.04.??"]
[EventType "swiss"]
[EventRounds "9"]
[EventCountry "GER"]
[WhiteTeam "Cottbus Senioren SC"]
[BlackTeam "NED/Groningen SC"]
[BlackTeamCountry "NED"]

1. d4 Nf6 2. Nf3 e6 3. Nc3 d5 4. e3 Nbd7 5. Bd3 c5 6. b3 Be7 7. O-O O-O 8. Bb2
b6 9. Ne2 Bb7 10. Ng3 Ne4 11. Ne5 Ndf6 12. Nh5 Rc8 13. Nxf6+ Nxf6 14. Qe2 Rc7
15. f4 Ne4 16. a4 Qc8 17. Rf3 f6 18. Ng4 Nd6 19. Rh3 f5 20. Ne5 Rf6 21. dxc5
bxc5 22. c4 Qe8 23. Rf1 Rf8 24. g4 dxc4 25. Nxc4 Qc6 26. Rff3 g6 27. gxf5 Nxf5
28. Ne5 Qe8 29. Bxf5 Rxf5 30. e4 Rf8 31. Ng4 h5 32. Ne5 Kh7 33. Nxg6 h4 34.
Rfg3 Kh6 35. Nxh4 Rxf4 36. Nf5# 1-0

[Event "Hessen Senioren-ch 2012  8th"]
[Site "Bad Sooden-Adf. (14.4.-22.4)"]
[Date "2012.04.15"]
[Round "2.52"]
[White "Janzen, Christian(36)"]
[Black "Schmidt, Manfred Dr(37)"]
[Result "0-1"]
[WhiteElo "1619"]
[BlackElo "1850"]
[PlyCount "47"]
[EventDate "2012.04.??"]
[EventType "swiss"]
[EventRounds "9"]
[EventCountry "GER"]
[WhiteTeam "Berlin Marienfelde TSV"]
[BlackTeam "Springe SV"]

1. e4 d5 2. exd5 Nf6 3. Nc3 Nxd5 4. Qf3 e6 5. Nxd5 exd5 6. d4 Be7 7. Bd2 O-O 8.
Bd3 Nc6 9. c3 Bf6 10. O-O-O Be6 11. Ne2 Qd7 12. h3 Ne7 13. g4 Ng6 14. Bxg6 fxg6
15. Qg2 Rae8 16. f4 Qa4 17. Kb1 Qb5 18. Nc1 Re7 19. Qf1 Qb6 20. Qd3 a5 21. Qc2
Bd7 22. Qb3 Qc6 23. Nd3 a4 24. Qc2 0-1

[Event "Hessen Senioren-ch 2012  8th"]
[Site "Bad Sooden-Adf. (14.4.-22.4)"]
[Date "2012.04.15"]
[Round "2.53"]
[White "Tuertmann, Dieter"]
[Black "Lichtenberg, Friedrich"]
[Result "1/2-1/2"]
[WhiteElo "1806"]
[BlackElo "1605"]
[PlyCount "109"]
[EventDate "2012.04.??"]
[EventType "swiss"]
[EventRounds "9"]
[EventCountry "GER"]
[WhiteTeam "Eberswalde 1949 ESV"]
[BlackTeam "Hennef 1927 SV"]

1. Nf3 Nf6 2. b3 g6 3. Bb2 Bg7 4. e3 c5 5. Be2 O-O 6. O-O d6 7. d3 b6 8. Nbd2
Bb7 9. c4 e5 10. Qc2 Nbd7 11. Rfd1 Qc7 12. Nf1 d5 13. Ne1 d4 14. e4 Ne8 15. Bc1
Nd6 16. Bd2 f5 17. f3 Rf7 18. g3 f4 19. b4 g5 20. Rab1 Rff8 21. Rb2 Rfb8 22.
Qb3 Kh8 23. Rdb1 Bc8 24. Qd1 Rb7 25. Bc1 Rab8 26. b5 Qd8 27. a4 Nf6 28. Bd2 h6
29. Ra1 Qe7 30. a5 Nd7 31. axb6 Nxb6 32. Rba2 Ra8 33. Ba5 Be6 34. Qc2 Ndc8 35.
Nd2 Bf6 36. Nb3 Bd7 37. Bxb6 Rxb6 38. Ra5 Qf8 39. R1a2 Bd8 40. R5a3 Be7 41. Ra6
Bd8 42. Rxb6 Bxb6 43. Qd1 Qd6 44. Bf1 Kg7 45. g4 Kf7 46. Qd2 Qe7 47. h3 Kg7 48.
Ng2 Nd6 49. Qe1 Kg6 50. h4 Kg7 51. Qf2 Rh8 52. h5 Ra8 53. Be2 Bc8 54. Qe1 Qc7
55. Qa1 1/2-1/2

[Event "Hessen Senioren-ch 2012  8th"]
[Site "Bad Sooden-Adf. (14.4.-22.4)"]
[Date "2012.04.15"]
[Round "2.54"]
[White "Hilbig, Klaus"]
[Black "Huhn, Ulrich"]
[Result "1/2-1/2"]
[WhiteElo "1535"]
[BlackElo "1789"]
[PlyCount "34"]
[EventDate "2012.04.??"]
[EventType "swiss"]
[EventRounds "9"]
[EventCountry "GER"]
[WhiteTeam "Ahrensburger TSV"]
[BlackTeam "Berlin Siemensstadt SF"]

1. d4 d5 2. Nf3 Nf6 3. Nbd2 Bf5 4. e3 e6 5. Ne5 Nbd7 6. g4 Bg6 7. Nxg6 hxg6 8.
Bg2 c5 9. c3 Qb6 10. h3 Rc8 11. Qb3 cxd4 12. Qxb6 Nxb6 13. exd4 Nc4 14. Nxc4
Rxc4 15. Bf1 Rc8 16. Bb5+ Kd8 17. f3 Be7 1/2-1/2

[Event "Hessen Senioren-ch 2012  8th"]
[Site "Bad Sooden-Adf. (14.4.-22.4)"]
[Date "2012.04.15"]
[Round "2.55"]
[White "Burckhardt, Karl"]
[Black "Meyer, Walter(34)"]
[Result "1/2-1/2"]
[WhiteElo "1725"]
[BlackElo "1591"]
[PlyCount "24"]
[EventDate "2012.04.??"]
[EventType "swiss"]
[EventRounds "9"]
[EventCountry "GER"]
[WhiteTeam "Fulda SC"]
[BlackTeam "Hennef 1927 SV"]

1. e4 c5 2. Bc4 e6 3. Nc3 Nc6 4. d3 Nf6 5. Nh3 d5 6. Bb3 dxe4 7. dxe4 Qxd1+ 8.
Kxd1 a6 9. a4 Be7 10. f3 O-O 11. Be3 Rd8+ 12. Ke1 b6 1/2-1/2

[Event "Hessen Senioren-ch 2012  8th"]
[Site "Bad Sooden-Adf. (14.4.-22.4)"]
[Date "2012.04.15"]
[Round "2.56"]
[White "Van Vorselen, Theo"]
[Black "Piastowski, Kurt"]
[Result "1/2-1/2"]
[WhiteElo "1551"]
[BlackElo "1749"]
[PlyCount "55"]
[EventDate "2012.04.??"]
[EventType "swiss"]
[EventRounds "9"]
[EventCountry "GER"]
[WhiteTeam "NED/Den Haag DD"]
[BlackTeam "Lüneburg Turm SC"]
[WhiteTeamCountry "NED"]

1. e4 c5 2. Nf3 d6 3. d4 cxd4 4. Nxd4 Nf6 5. Nc3 g6 6. Be2 Bg7 7. Be3 Nc6 8.
O-O O-O 9. Nb3 Bd7 10. f4 a6 11. Bf3 Rb8 12. Qe2 Qc7 13. a4 Na5 14. Nxa5 Qxa5
15. Qf2 Ng4 16. Bxg4 Bxg4 17. Bd4 Be6 18. Bxg7 Kxg7 19. f5 Bd7 20. f6+ exf6 21.
Qxf6+ Kg8 22. Nd5 Qc5+ 23. Kh1 Rbe8 24. Ne7+ Rxe7 25. Qxe7 Bc6 26. c3 Qe5 27.
Qxe5 dxe5 28. a5 1/2-1/2

[Event "Hessen Senioren-ch 2012  8th"]
[Site "Bad Sooden-Adf. (14.4.-22.4)"]
[Date "2012.04.15"]
[Round "2.57"]
[White "Kirchberg, Hans-Georg"]
[Black "Draxler, Gottfried"]
[Result "1-0"]
[WhiteElo "1598"]
[BlackElo "1697"]
[PlyCount "57"]
[EventDate "2012.04.??"]
[EventType "swiss"]
[EventRounds "9"]
[EventCountry "GER"]
[WhiteTeam "Dingelstädt SK"]
[BlackTeam "Neuberg Sfr."]

1. d4 d5 2. Nf3 Nf6 3. e3 Bg4 4. h3 Bh5 5. g4 Bg6 6. Ne5 Nbd7 7. h4 h6 8. Nxg6
fxg6 9. Bd3 Kf7 10. f4 e6 11. Nd2 c5 12. c3 c4 13. Bc2 Qc7 14. Rg1 Bd6 15. Nf3
Nf8 16. Ne5+ Bxe5 17. fxe5 Ne8 18. Qf3+ Kg8 19. Rf1 Qe7 20. Qf2 Nc7 21. Bd2 b5
22. O-O-O g5 23. hxg5 hxg5 24. Rh1 Rh6 25. Rh2 Nh7 26. Rdh1 Rf8 27. Qg2 Rh4 28.
Be1 Rxh2 29. Qxh2 1-0

[Event "Hessen Senioren-ch 2012  8th"]
[Site "Bad Sooden-Adf. (14.4.-22.4)"]
[Date "2012.04.15"]
[Round "2.58"]
[White "Wulf, Adalbert"]
[Black "Hegner, Peter"]
[Result "1-0"]
[WhiteElo "1751"]
[BlackElo "1570"]
[PlyCount "89"]
[EventDate "2012.04.??"]
[EventType "swiss"]
[EventRounds "9"]
[EventCountry "GER"]
[WhiteTeam "Ennigerloh-Oelde SV"]
[BlackTeam "Bad Soden SC"]

1. c4 e5 2. Nc3 Nf6 3. d3 d5 4. cxd5 Nxd5 5. Bd2 Nc6 6. Nf3 Be7 7. g3 O-O 8.
Bg2 Nb6 9. a3 a6 10. O-O Bg4 11. h4 Qd7 12. Kh2 f5 13. Qb3+ Kh8 14. Ng5 Bxg5
15. hxg5 Nd4 16. Qd1 f4 17. gxf4 exf4 18. f3 Be6 19. Rb1 Bb3 20. Qe1 Qf7 21.
Ne4 Nd5 22. Rh1 Nc2 23. Qh4 Qg6 24. Bh3 Nd4 25. Rbe1 Ne3 26. Bc3 Ndf5 27. Qxf4
Nd5 28. Bxf5 Rxf5 29. Qh4 Nxc3 30. bxc3 Bd5 31. f4 Raf8 32. e3 Bxe4 33. dxe4
Rb5 34. f5 Qd6+ 35. Kg1 h6 36. gxh6 gxh6 37. Qxh6+ Qxh6 38. Rxh6+ Kg7 39. Rg6+
Kf7 40. Rd1 Ke7 41. Re6+ Kf7 42. Rd7+ Kg8 43. Ree7 Rf6 44. Rxc7 Rb2 45. Rxb7
1-0

[Event "Hessen Senioren-ch 2012  8th"]
[Site "Bad Sooden-Adf. (14.4.-22.4)"]
[Date "2012.04.15"]
[Round "2.59"]
[White "Strozewski, Guenter"]
[Black "Pajcin, Jovan"]
[Result "0-1"]
[WhiteElo "1526"]
[BlackElo "1675"]
[PlyCount "56"]
[EventDate "2012.04.??"]
[EventType "swiss"]
[EventRounds "9"]
[EventCountry "GER"]
[WhiteTeam "Erkenschwick SV"]
[BlackTeam "Leiden Philidor"]

1. e4 c6 2. d4 g6 3. Bc4 d5 4. exd5 cxd5 5. Bb3 Nf6 6. Nf3 Bg7 7. O-O O-O 8. c3
b6 9. Re1 Bb7 10. Bg5 Ne4 11. Nbd2 Nxg5 12. Nxg5 e5 13. Nh3 exd4 14. cxd4 Bxd4
15. Qc2 Na6 16. Nf3 Bg7 17. Qe2 Nc5 18. Bc2 Bxb2 19. Bxg6 fxg6 20. Qxb2 Nd3 21.
Qe2 Nxe1 22. Qe6+ Kh8 23. Rxe1 Qf6 24. Nhg5 Qxe6 25. Rxe6 Rae8 26. Rf6 d4 27.
Nxd4 Rxf6 28. Nf7+ Kg7 0-1

[Event "Hessen Senioren-ch 2012  8th"]
[Site "Bad Sooden-Adf. (14.4.-22.4)"]
[Date "2012.04.15"]
[Round "2.60"]
[White "Zoll, Theo"]
[Black "Smits, Oswald"]
[Result "0-1"]
[WhiteElo "1540"]
[BlackElo "1726"]
[PlyCount "127"]
[EventDate "2012.04.??"]
[EventType "swiss"]
[EventRounds "9"]
[EventCountry "GER"]
[WhiteTeam "Göttingen Rot-Weiß ESV"]
[BlackTeam "Königstein/Schwalbach Sfr."]

1. d4 d5 2. Nf3 Nf6 3. Bf4 e6 4. e3 Bd6 5. Ne5 c6 6. c3 Qe7 7. Nd2 Nbd7 8. Bd3
h6 9. Qc2 Bxe5 10. dxe5 Nh5 11. Be2 Nxf4 12. exf4 b6 13. Nb3 Bb7 14. Nd4 O-O
15. g3 Rfc8 16. Nf3 Re8 17. O-O Rac8 18. Qa4 Ra8 19. Qc2 a6 20. a4 c5 21. b3
Rac8 22. Qd2 Red8 23. Qb2 Nb8 24. Rfd1 Ba8 25. Rac1 Qb7 26. Ne1 Qe7 27. Bf3 Nc6
28. Qe2 Bb7 29. Nc2 Rb8 30. Rd2 Na5 31. Rb1 Nc6 32. Qd1 Na7 33. b4 c4 34. Nd4
Qd7 35. h4 Nc6 36. Qc2 Nxd4 37. Rxd4 Bc6 38. Ra1 Ra8 39. Be2 b5 40. a5 Qe7 41.
Re1 Be8 42. Bg4 Bd7 43. h5 Rf8 44. f5 exf5 45. Bxf5 Bxf5 46. Qxf5 Qe6 47. Qb1
Rad8 48. Kg2 Rfe8 49. Qd1 f6 50. f4 f5 51. Rg1 Kh8 52. Kh3 g5 53. hxg6 Qxg6 54.
g4 Rg8 55. Qf3 fxg4+ 56. Qxg4 Qh7 57. Qd1 Qf5+ 58. Kh2 Rxg1 59. Kxg1 Qh3 60.
Kf2 Qh2+ 61. Ke3 Rg8 62. Rd2 Rg3+ 63. Kd4 Qh4 64. Qf1 0-1

[Event "Hessen Senioren-ch 2012  8th"]
[Site "Bad Sooden-Adf. (14.4.-22.4)"]
[Date "2012.04.15"]
[Round "2.61"]
[White "Mewes, Hans-Dieter"]
[Black "Preiss, Gerhard"]
[Result "1/2-1/2"]
[WhiteElo "1667"]
[BlackElo "1586"]
[PlyCount "46"]
[EventDate "2012.04.??"]
[EventType "swiss"]
[EventRounds "9"]
[EventCountry "GER"]
[WhiteTeam "Meckelfeld TV"]
[BlackTeam "Steinhagen SK"]

1. c4 Nf6 2. g3 c6 3. Bg2 d5 4. b3 Bf5 5. d3 e5 6. Nf3 Bd6 7. O-O O-O 8. h3 h6
9. Ba3 Bxa3 10. Nxa3 Qd6 11. Nc2 a5 12. Rc1 Nbd7 13. Qd2 Be6 14. Rfe1 Rfd8 15.
Rcd1 b6 16. Nh2 Nf8 17. Qe3 Rab8 18. Nf1 Ng6 19. Qf3 Qd7 20. Kh2 Qc7 21. e4 Rd7
22. Rc1 Qd6 23. Nfe3 d4 1/2-1/2

[Event "Hessen Senioren-ch 2012  8th"]
[Site "Bad Sooden-Adf. (14.4.-22.4)"]
[Date "2012.04.15"]
[Round "2.62"]
[White "Dinius, Helmut"]
[Black "Schneider, Miloca"]
[Result "0-1"]
[WhiteElo "1475"]
[BlackElo "1706"]
[PlyCount "54"]
[EventDate "2012.04.??"]
[EventType "swiss"]
[EventRounds "9"]
[EventCountry "GER"]
[WhiteTeam "Ludwigsstadt TSV"]
[BlackTeam "Witten SG"]

1. e4 d5 2. exd5 Qxd5 3. Nc3 Qd6 4. Nf3 Bf5 5. d3 Nc6 6. Be2 h6 7. O-O a6 8.
Be3 Nf6 9. h3 g5 10. Nh2 O-O-O 11. Bg4 e6 12. Bxf5 exf5 13. Qf3 f4 14. Bd2 Nd4
15. Qd1 Re8 16. Rc1 Bg7 17. Nf3 Ne6 18. Nh2 h5 19. Rb1 Qd7 20. Ne4 Nd5 21. Bc3
Nxc3 22. Nxc3 f5 23. Re1 g4 24. h4 Bf6 25. g3 fxg3 26. fxg3 Bd4+ 27. Kf1 Qc6
0-1

[Event "Hessen Senioren-ch 2012  8th"]
[Site "Bad Sooden-Adf. (14.4.-22.4)"]
[Date "2012.04.15"]
[Round "2.63"]
[White "Wieprecht, Gerhard"]
[Black "Krueger, Bernhard"]
[Result "1-0"]
[WhiteElo "1717"]
[BlackElo "1530"]
[PlyCount "71"]
[EventDate "2012.04.??"]
[EventType "swiss"]
[EventRounds "9"]
[EventCountry "GER"]
[WhiteTeam "Kassel CAISSA SV"]
[BlackTeam "Grunbach SC"]

1. e4 d5 2. exd5 Qxd5 3. Nc3 Qd6 4. Nf3 Nf6 5. d4 a6 6. Be2 b5 7. a3 Bb7 8. O-O
e6 9. Ne5 Nbd7 10. Bf3 Bxf3 11. Qxf3 Nb6 12. Bf4 Nfd5 13. Bg3 Qe7 14. Rfe1 Qf6
15. Nxd5 Qxf3 16. Nxc7+ Kd8 17. Nxf3 Ra7 18. Nxe6+ fxe6 19. Rxe6 Nc4 20. b3 Kd7
21. Re2 Nxa3 22. Ne5+ Kc8 23. Nc6 Rd7 24. Rae1 Kb7 25. Na5+ Kb6 26. Re6+ Kxa5
27. c3 b4 28. c4 h5 29. R1e5+ Nb5 30. cxb5 axb5 31. Re1 Bd6 32. Ra1+ Kb6 33.
Bxd6 Rh6 34. Bc5+ Kb7 35. Rxh6 gxh6 36. Ra7+ 1-0

[Event "Hessen Senioren-ch 2012  8th"]
[Site "Bad Sooden-Adf. (14.4.-22.4)"]
[Date "2012.04.15"]
[Round "2.64"]
[White "Knaak, Hans"]
[Black "Merettig, Georg"]
[Result "0-1"]
[WhiteElo "1582"]
[BlackElo "1748"]
[PlyCount "36"]
[EventDate "2012.04.??"]
[EventType "swiss"]
[EventRounds "9"]
[EventCountry "GER"]
[WhiteTeam "Forster 95 SC"]
[BlackTeam "Wolfenbüttel Caissa SV"]

1. d4 Nc6 2. Nf3 e6 3. e4 b6 4. c4 Bb7 5. Nc3 Nce7 6. Be3 Ng6 7. Be2 Nf6 8. O-O
Nxe4 9. Nxe4 Bxe4 10. Rc1 Bd6 11. d5 O-O 12. dxe6 fxe6 13. Qd4 Bb7 14. Rfd1 Nf4
15. Bf1 Nh3+ 16. Kh1 Rxf3 17. Qg4 Rxe3 18. fxe3 Nf2+ 0-1

[Event "Hessen Senioren-ch 2012  8th"]
[Site "Bad Sooden-Adf. (14.4.-22.4)"]
[Date "2012.04.15"]
[Round "2.65"]
[White "Aepfler, Gerhard"]
[Black "Preiss, Lore"]
[Result "1/2-1/2"]
[WhiteElo "1673"]
[BlackElo "1524"]
[PlyCount "47"]
[EventDate "2012.04.??"]
[EventType "swiss"]
[EventRounds "9"]
[EventCountry "GER"]
[WhiteTeam "Apolda TSG"]
[BlackTeam "Steinhagen SK"]

1. e4 e6 2. d4 d5 3. c4 dxe4 4. Nc3 Nf6 5. Bg5 Be7 6. Nge2 c6 7. Bxf6 Bxf6 8.
Nxe4 Nd7 9. Nd6+ Kf8 10. Qd2 Nb6 11. c5 Nd5 12. f4 Be7 13. Nxc8 Qxc8 14. g3 b6
15. Rc1 Rb8 16. Bg2 bxc5 17. O-O Qb7 18. f5 Nc7 19. fxe6 Nxe6 20. d5 cxd5 21.
Nf4 Nxf4 22. Qxf4 f6 23. Bxd5 Qb6 24. Rcd1 1/2-1/2